000 01188nam a2200265 a 4500
001 000046695
005 20201002053043.0
008 180316s2017 dr 000 p spa d
020 _a9789945492989
040 _aDO-SdBNP
_bspa
_cBNPHU
082 _axxxx
_bF356v
111 2 _aXII Feria Regional del Libro Hato Mayor 2016
_d(2016)
_974646
245 1 3 _aVoces del Este :
_bpoemas ganadores del centamen de la Región Este /
_cJoel Julio García...[et al.].
260 _aSanto Domingo :
_bNacional,
_c2017.
300 _a29 p. ;
_c21 cm.
490 1 _aPoesía
505 0 _tSueños en el vacio /
_rJoel Julio García /
_g1er. lugar --
_tEl crepúsculo que siempre se marcha /
_rIvania Edelmira Henríquez /
_g2do. lugar --
_tInfierno de papel /
_rSandra Berroa /
_g3er. lugar --
_tAnhelos /
_rFlérida González /
_gMención --
_tAsumo y presumo /
_rRamón Perdomo /
_gMención --
_tCometas /
_rEsmarlin Moreta /
_gMención --
590 _aInventariado, 2018/ YL
700 1 2 _aGarcía, Joel Julio
_974647
700 1 2 _aHenríquez, Ivania Edelmira
_974648
700 1 2 _aBerroa, Sandra
_974649
700 1 2 _aGonzález, Flérida
_974650
700 1 2 _aPerdomo, Ramón
_917744
830 0 _aPoesía
_91183
999 _c46184
_d46184